Guess The Footballer From Career Transfers #10 - Statistics

General Stats
  • This quiz has been taken 41 times
  • The average score is 5 of 20
Answer Stats
Career Transfers in Order Player % Correct
Groningen - PSV - Chelsea - Real Madrid - Groningen Arjen Robben
69%
Belgrano - Genoa - Juventus - Atalanta - Tottenham Cristian Romero
58%
RS Futebol - Juventude - Porto - Dynamo Moscow - Fluminense - AC Milan - PSG - Chelsea Thiago Silva
50%
Man City - Chelsea - Liverpool - Trabzonspor - Perth Glory Daniel Sturridge
42%
AC Milan - Palermo - Torino - Man Utd - Parma - Inter Matteo Darmian
42%
Emmen - Heracles - AZ Alkmaar - Wolfsburg - Burnley Wout Weghorst
33%
Leicester - Liverpool - Birmingham - Wigan - Aston Villa - Newcastle Jets - Bolton Emile Heskey
28%
Bastia - Arsenal - Barcelona - Rubin Kazan - Sion - Arta Alex Song
19%
Tromso - Blackburn - Karabukspor - Rosenborg - Tromso - Alta - Asane - Ranheim Morten Gamst Pedersen
19%
Newell's Old Boys - Espanyol - PSG - Bordeaux - Espanyol Mauricio Pochettino
17%
Man Utd - Sunderland - Blackburn - Kerala Blasters Wes Brown
17%
Ponte Preta - Atletico Mineiro - Barcelona - Tottenham Emerson Royal
14%
Santos - Shakhtar Donetsk - Man City - Galatasaray - Santos - Gremio - Chennaiyin - Santos Elano
11%
Sydney Olympic - Feyenoord - Blackburn - Sydney FC Brett Emerton
8%
Cambridge - Everton - Norwich - Wolves - Birmingham John Ruddy
8%
Corinthians - Arsenal - Celta Vigo - Barcelona - Man City Sylvinho
8%
Portsmouth - Middlesbrough - West Ham - QPR - Norwich - Bristol City - Bolton Gary O'Neil
6%
Peterborough - Tottenham - West Ham - Stoke Matthew Etherington
6%
Luton - Portsmouth - Bolton - West Ham - Burnley - Northampton - Swindon Matthew Taylor
6%
Stahl Brandenburg - Schalke - Borussia Dortmund - Tottenham - Kaiserslautern Steffen Freund
6%
No matching quizzes found
Score Distribution
Percent of People with Each Score
Percentile by Number Answered
Your Score History
You have not taken this quiz